Mein Leben Ist Musik (Record no. 99066)
[ view plain ]
| 000 -LEADER | |
|---|---|
| fixed length control field | 03677njm a2200565Ia 4500 |
| 001 - CONTROL NUMBER | |
| control field | 24655 |
| 003 - CONTROL NUMBER IDENTIFIER | |
| control field | IT-RoPAU |
| 005 - DATE AND TIME OF LATEST TRANSACTION | |
| control field | 20220918181112.0 |
| 008 - FIXED-LENGTH DATA ELEMENTS--GENERAL INFORMATION | |
| fixed length control field | 131025s9999 xx 000 0 und d |
| 040 ## - CATALOGING SOURCE | |
| Original cataloging agency | IT-RoPAU |
| 040 ## - CATALOGING SOURCE | |
| Transcribing agency | IT-RoPAU |
| 999 ## - SYSTEM CONTROL NUMBERS (KOHA) | |
| Koha Dewey Subclass [OBSOLETE] | n.d. |
| 100 ## - MAIN ENTRY--PERSONAL NAME | |
| Personal name | AA.VV. |
| 9 (RLIN) | 794 |
| 100 ## - MAIN ENTRY--PERSONAL NAME | |
| Relator term | Autore musica |
| 9 (RLIN) | 11361 |
| 100 ## - MAIN ENTRY--PERSONAL NAME | |
| Miscellaneous information | Codice autore musica SPICS: 12000 |
| 9 (RLIN) | 796 |
| 245 ## - TITLE STATEMENT | |
| Title | Mein Leben Ist Musik |
| 250 ## - EDITION STATEMENT | |
| Edition statement | 1a ed. |
| 260 ## - PUBLICATION, DISTRIBUTION, ETC. (IMPRINT) | |
| Place of publication, distribution, etc. | GERMANY |
| 260 ## - PUBLICATION, DISTRIBUTION, ETC. (IMPRINT) | |
| Name of publisher, distributor, etc. | POLYDOR |
| 300 ## - PHYSICAL DESCRIPTION | |
| Extent | DISCO |
| 300 ## - PHYSICAL DESCRIPTION | |
| Dimensions | 35 minuti (Testo: pag.) |
| 500 ## - GENERAL NOTE | |
| General note | Musica strumentale. Arrangiamento di celebri brani di musica classica e strumentale |
| 505 ## - FORMATTED CONTENTS NOTE | |
| Formatted contents note | Traumerei (5:00) - In the Mood (3:00) - Dolannes melody (4:00) - Kosaken Patrouille (4:00) - Freut Euch Des Lebens (5:00) - Wie Lieblich Schallt (2:00) - O Taler Weit, O Hohen (2:00) - Sportpalast Polka (3:00) - Ich Hab 'Ne Frau (2:00) - Komm Unter Meine Decke (2:00) - Du Kannst Nicht Immer Siebzehn Sein (2:00) - Fernando (2:00) - Rocky (2:00) - Lady Love (2:00) - Wien Bleibt Wien (3:00) - De Kapt'n de Stjiermann, de Bootsmann un Ick (2:00) - When Irish Eyes Are Smiling (2:00) |
| 650 ## - SUBJECT ADDED ENTRY--TOPICAL TERM | |
| Topical term or geographic name as entry element | ARRANGIAMENTO [DISCHI] |
| Relator term | Codice MATERIA SPICS: 9950 |
| 9 (RLIN) | 11362 |
| 700 ## - ADDED ENTRY--PERSONAL NAME | |
| Personal name | Last James |
| Relator term | Interprete |
| Miscellaneous information | Codice interprete SPICS: 10976 |
| 9 (RLIN) | 11363 |
| 700 ## - ADDED ENTRY--PERSONAL NAME | |
| Personal name | Last James |
| Miscellaneous information | Codice autore musica SPICS: 10976 |
| Relator term | Autore musica |
| 9 (RLIN) | 11364 |
| 700 ## - ADDED ENTRY--PERSONAL NAME | |
| Personal name | Schumann Robert |
| Miscellaneous information | Codice autore musica SPICS: 11150 |
| Relator term | Autore musica |
| Name of part/section of a work | Traumerei |
| 9 (RLIN) | 11365 |
| 700 ## - ADDED ENTRY--PERSONAL NAME | |
| Personal name | Razaf Andy |
| Miscellaneous information | Codice autore musica SPICS: 10573 |
| Relator term | Autore musica |
| Name of part/section of a work | In the Mood |
| 9 (RLIN) | 11366 |
| 700 ## - ADDED ENTRY--PERSONAL NAME | |
| Personal name | Winter Peter |
| Miscellaneous information | Codice autore SPICS: 8206 |
| Relator term | Autore musica |
| Name of part/section of a work | In the Mood |
| 9 (RLIN) | 11367 |
| 700 ## - ADDED ENTRY--PERSONAL NAME | |
| Personal name | Toussaint Olivier |
| Miscellaneous information | Codice autore musica SPICS: 14363 |
| Relator term | Autore musica |
| Name of part/section of a work | Dolannes melody |
| 9 (RLIN) | 11368 |
| 700 ## - ADDED ENTRY--PERSONAL NAME | |
| Personal name | Senneville Paul De |
| Miscellaneous information | Codice autore SPICS: 14362 |
| Relator term | Autore musica |
| Name of part/section of a work | Dolannes melody |
| 9 (RLIN) | 11369 |
| 700 ## - ADDED ENTRY--PERSONAL NAME | |
| Personal name | Anonimo |
| Miscellaneous information | Codice autore musica SPICS: 2620 |
| Relator term | Autore musica |
| Name of part/section of a work | Kosaken Patrouille - Sportpalast Polka - De Kapt'n de Stjiermann, de Bootsmann un Ick - When Irish Eyes Are Smiling |
| 9 (RLIN) | 11370 |
| 700 ## - ADDED ENTRY--PERSONAL NAME | |
| Personal name | Silcher F. |
| Miscellaneous information | Codice autore musica SPICS: 14461 |
| Relator term | Autore musica |
| Name of part/section of a work | Wie Lieblich Schallt |
| 9 (RLIN) | 11371 |
| 700 ## - ADDED ENTRY--PERSONAL NAME | |
| Personal name | Mendelssohn Felix |
| Miscellaneous information | Codice autore musica SPICS: 3873 |
| Relator term | Autore musica |
| Name of part/section of a work | O Taler Weit, O Hohen |
| 9 (RLIN) | 11372 |
| 700 ## - ADDED ENTRY--PERSONAL NAME | |
| Personal name | Bartholdy |
| Miscellaneous information | Codice autore SPICS: 27516 |
| Relator term | Autore musica |
| Name of part/section of a work | O Taler Weit, O Hohen |
| 9 (RLIN) | 11373 |
| 700 ## - ADDED ENTRY--PERSONAL NAME | |
| Personal name | Bendorff B. |
| Miscellaneous information | Codice autore SPICS: 14475 |
| Relator term | Autore |
| Name of part/section of a work | Ich Hab 'Ne Frau |
| 9 (RLIN) | 11374 |
| 700 ## - ADDED ENTRY--PERSONAL NAME | |
| Personal name | Schaper P. |
| Miscellaneous information | Codice autore musica SPICS: 27327 |
| Relator term | Autore musica |
| Name of part/section of a work | Ich Hab 'Ne Frau |
| 9 (RLIN) | 11375 |
| 700 ## - ADDED ENTRY--PERSONAL NAME | |
| Personal name | Gabriel Gunter |
| Miscellaneous information | Codice autore musica SPICS: 27517 |
| Relator term | Autore musica |
| Name of part/section of a work | Komm Unter Meine Decke |
| 9 (RLIN) | 11376 |
| 700 ## - ADDED ENTRY--PERSONAL NAME | |
| Personal name | Siegel R.M. |
| Miscellaneous information | Codice autore musica SPICS: 14420 |
| Relator term | Autore musica |
| Name of part/section of a work | Du Kannst Nicht Immer Siebzehn Sein |
| 9 (RLIN) | 11377 |
| 700 ## - ADDED ENTRY--PERSONAL NAME | |
| Personal name | Hertha Kurt |
| Miscellaneous information | Codice autore SPICS: 27518 |
| Relator term | Autore |
| Name of part/section of a work | Du Kannst Nicht Immer Siebzehn Sein |
| 9 (RLIN) | 11378 |
| 700 ## - ADDED ENTRY--PERSONAL NAME | |
| Personal name | Anderson Benny |
| Miscellaneous information | Codice autore musica SPICS: 18865 |
| Relator term | Autore musica |
| Name of part/section of a work | Fernando |
| 9 (RLIN) | 11379 |
| 700 ## - ADDED ENTRY--PERSONAL NAME | |
| Personal name | Ulvaeus Anderson |
| Miscellaneous information | Codice autore SPICS: 27519 |
| Relator term | Autore |
| Name of part/section of a work | Fernando |
| 9 (RLIN) | 11380 |
| 700 ## - ADDED ENTRY--PERSONAL NAME | |
| Personal name | Stevens J. |
| Miscellaneous information | Codice autore musica SPICS: 27520 |
| Relator term | Autore musica |
| Name of part/section of a work | Rocky |
| 9 (RLIN) | 11381 |
| 700 ## - ADDED ENTRY--PERSONAL NAME | |
| Personal name | Weigel H. |
| Miscellaneous information | Codice autore SPICS: 27521 |
| Relator term | Autore |
| Name of part/section of a work | Rocky |
| 9 (RLIN) | 11382 |
| 700 ## - ADDED ENTRY--PERSONAL NAME | |
| Personal name | Pietsch Paul |
| Miscellaneous information | Codice autore musica SPICS: 2583 |
| Relator term | Autore musica |
| Name of part/section of a work | Lady Love |
| 9 (RLIN) | 11383 |
| 700 ## - ADDED ENTRY--PERSONAL NAME | |
| Personal name | Stein Clarence S. |
| Miscellaneous information | Codice autore SPICS: 15370 |
| Relator term | Autore |
| Name of part/section of a work | Lady Love |
| 9 (RLIN) | 11384 |
| 700 ## - ADDED ENTRY--PERSONAL NAME | |
| Personal name | Holm M. |
| Miscellaneous information | Codice autore musica SPICS: 27522 |
| Relator term | Autore musica |
| Name of part/section of a work | Lady Love |
| 9 (RLIN) | 11385 |
| 700 ## - ADDED ENTRY--PERSONAL NAME | |
| Personal name | Schrammel Johann |
| Miscellaneous information | Codice autore musica SPICS: 27176 |
| Relator term | Autore musica |
| Name of part/section of a work | Wien Bleibt Wien |
| 9 (RLIN) | 11386 |
| 942 ## - ADDED ENTRY ELEMENTS (KOHA) | |
| Koha item type | DISCHI |
| Source of classification or shelving scheme | Dewey Decimal Classification |
| Withdrawn status | Lost status | Damaged status | Not for loan | Home library | Current library | Date acquired | Total Checkouts | Full call number | Date last seen | Price effective from | Koha item type | Public note |
|---|---|---|---|---|---|---|---|---|---|---|---|---|
| Buone Condizioni | Not For Loan | SPICS-MEDIATECA | SPICS-MEDIATECA | 25/10/2013 | 24655 | 25/10/2013 | 25/10/2013 | DISCHI | Progr. Ins.: 5350 / N.Vol.: 1 / Copie: 1 - Copia rara: n.d. / date import: 01.01.2014 - By Epidotti, Trombetti, Vaglietti |